The biggest kiss [Board Book] / Joanna Walsh ; ... Read More
Available copies
- 0 of 1 copy available at LARL/NWRL Consortium.
- 0 of 1 copy available at Lake Agassiz Regional Library. (Show preferred library)
Current holds
0 current holds with 1 total copy.
Show All Copies
| Location | Call Number / Copy Notes | Barcode | Shelving Location | Status | Due Date |
|---|---|---|---|---|---|
Record details
- ISBN: 9781481417518
- ISBN: 1481417517
- Physical Description: 28 pages : color illustrations ; 16 cm.
- Publisher: New York : : Little Simon, 2014.
Content descriptions
| General Note: | On board pages. |
| Summary, etc.: | There's a kiss here for everyone in this warm and ... Read More |
Search for related items by subject
| Subject: | Kissing > Juvenile fiction. |
| Genre: | Board books. |
Search for related items by series
| LDR | 01819cam a2200373Ii 4500 | ||
|---|---|---|---|
| 001 | 172750 | ||
| 003 | LARL_NWRL_CONSORTIUM | ||
| 005 | 20141210160730.0 | ||
| 008 | 141013t20142010nyua j 000 0 eng d | ||
| 020 | . | ‡a9781481417518 | |
| 020 | . | ‡a1481417517 | |
| 035 | . | ‡a(OCoLC)892882744 | |
| 100 | 1 | . | ‡aWalsh, Joanna. ‡0(LARL_NWRL_CONSORTIUM)221407 |
| 245 | 1 | 4. | ‡aThe biggest kiss ‡h[Board Book] / ‡cJoanna Walsh ; illustrated by Judi Abbot. |
| 260 | . | ‡aNew York : : ‡bLittle Simon, ‡c2014. | |
| 260 | . | ‡c©2010 | |
| 300 | . | ‡a28 pages : ‡bcolor illustrations ; ‡c16 cm. | |
| 336 | . | ‡atext ‡btxt ‡2rdacontent | |
| 337 | . | ‡aunmediated ‡bn ‡2rdamedia | |
| 338 | . | ‡avolume ‡bnc ‡2rdacarrier | |
| 490 | 0 | . | ‡aClassic board book |
| 500 | . | ‡aOn board pages. | |
| 520 | 8 | . | ‡aThere's a kiss here for everyone in this warm and cozy Classic Board Book edition of "The Biggest Kiss"! "Do worms kiss underground, with the soil all around? Do fish kiss like this--splosh, splash, splish?" ""Everyone needs kisses, so what could be better than a book that's full of them? With darling animals on every page and irresistible text that begs to be read aloud, parents and grandparents will love sharing this collection of affection with the youngest of readers. |
| 650 | 0. | ‡aKissing ‡vJuvenile fiction. | |
| 655 | 0. | ‡aBoard books. | |
| 700 | 1 | . | ‡aAbbot, Judi, ‡eillustrator. |
| 901 | . | ‡a172750 ‡bOCLC ‡c172750 ‡tbiblio | |

Add to basket
Permalink
Disable Highlighting